| 000 | 00406nam a2200157Ia 4500 | ||
|---|---|---|---|
| 008 | 230314s9999 xx 000 0 und d | ||
| 020 | _a978-81-225-0732-4 | ||
| 041 | _aeng | ||
| 082 | _aSO/301/BHU/B08574 | ||
| 100 |
_aBhushan Vidya & Sachdeva _9179939 |
||
| 245 | _aIntroduction to Sociology | ||
| 260 |
_bKitab Mahal _aAllahabad _c2014 |
||
| 300 | _a552 | ||
| 906 | _b02 | ||
| 999 |
_c142040 _d142040 |
||